00480cam a2200181ua 45000010005000000080039000050200018000440400009000620410008000710820010000791000029000892450098001182500009002162600027002253000010002526530018002626530018002807552141212n ii |||gr||||Z||||||eng a9788186307861 cMAIN aeng a305.4 aPhukan, D.,dA,eAuthor. aWomen, democracy and the media : bAnalysis of current trends in Assam / cBy Dolly Phukon .  a1st. aGuwahati:bDVS,c2014. a219p. aSocial groups aWomen studies